| 000 | 01826cam a22004334a 4500 | ||
|---|---|---|---|
| 999 |
_c8018 _d8018 |
||
| 001 | 12349322 | ||
| 003 | OSt | ||
| 005 | 20220830144945.0 | ||
| 008 | 010316s2001 nyua b 001 0 eng | ||
| 010 | _a 2001030728 | ||
| 020 | _a0071354697 (alk. paper) | ||
| 020 | _a0071124322 (International ed.) | ||
| 035 | _a(DNLM)101090784 | ||
| 040 |
_aDNLM/DLC _cDLC _dDLC |
||
| 042 | _apcc | ||
| 050 | 0 | 0 |
_aRM300 _b.G644 2001 |
| 082 |
_aQV 4 _bG621j 2001 |
||
| 245 | 0 | 0 | _aGoodman & Gilman's the pharmacological basis of therapeutics. |
| 246 | 3 | 0 | _aPharmacological basis of therapeutics |
| 246 | 3 | _aGoodman and Gilman's the pharmacological basis of therapeutics | |
| 250 |
_a10th ed. / _beditors, Joel G. Hardman, Lee E. Limbird ; consulting editor, Alfred Goodman Gilman. |
||
| 260 |
_aNew York : _bMcGraw-Hill, _c2001. |
||
| 300 |
_axxvii, 2148 p. : _bill. ; _c26 cm. |
||
| 504 | _aIncludes bibliographical references and index. | ||
| 650 | 0 |
_aPharmacology. _9357 |
|
| 650 | 0 |
_aChemotherapy. _91629 |
|
| 650 | 1 | 2 |
_aPharmacology. _9357 |
| 650 | 2 | 2 |
_aDrug Therapy. _91631 |
| 700 | 1 |
_aGoodman, Louis S. _q(Louis Sanford), _d1906-2000. _916305 |
|
| 700 | 1 |
_aHardman, Joel G. _916306 |
|
| 700 | 1 |
_aLimbird, Lee E. _916307 |
|
| 700 | 1 |
_aGilman, Alfred Goodman, _d1941-2015. _916308 |
|
| 856 | 4 | 2 |
_3Contributor biographical information _uhttp://www.loc.gov/catdir/bios/mh041/2001030728.html |
| 856 | 4 | 2 |
_3Publisher description _uhttp://www.loc.gov/catdir/description/mh021/2001030728.html |
| 856 | 4 | 1 |
_3Table of contents _uhttp://www.loc.gov/catdir/toc/mh021/2001030728.html |
| 906 |
_a7 _bcbc _corignew _d1 _eocip _f20 _gy-gencatlg |
||
| 942 |
_2z _cO_SHELF |
||